000 01406nam a22002777a 4500
005 2010101908158.0
008 101019t xxu||||| |||| 00| 0 hin d
010 _aHIN-94104
020 _c595.00
_a9788176753210
035 _aHN-66450
037 _bDBAD / PUB
040 _aDPL
_bHN
082 _a820.0355
100 _923632
245 _aहाशिये का वृत्तांत ;
_cदीपक कुमार; देवेंद्र चौबे द्वारा संपादित
_bस्त्री,दलित और आदिवासी समाज का वैकल्पिक इतिहास /
260 _aहरियाणा
_bआधार प्रकाशन
_c2011
270 _aएस.सी.एफ. 267,सेक्टर-16 पंचकुला
_bहरियाणा
_k134113
_e0172-2566952, 2520244
_maadhar-prakashan@yahoo.com
300 1 _a172पृ.
_c22सेमी (सजिल्द)
650 _9657
650 _934273
700 _934278
_aदीपक कुमार
710 _934811
_aचौबे, देवेंद्र
710 _aतेली,गणपत
_935049
942 _2ddc
_cHN
_h820.0355
_mहाशिये
999 _c57166
_d57166